| 000 | 00437nam a2200157 a 4500 | ||
|---|---|---|---|
| 005 | 20140412111405.0 | ||
| 008 | 060726s19uu xx 00 eng d | ||
| 020 | _a0-07-602729-5 | ||
| 050 |
_aTR(PS 372.4 _bBER 2005 |
||
| 100 | _aBereiter, Carl | ||
| 245 |
_aSRA Open Court Reading: Level 1 T. Ed : _bSchool / _cCarl Bereiter. |
||
| 260 |
_aColumbus. Ohio : _bMc Grawhill, _c2005. |
||
| 300 | _a335 | ||
| 440 | _aSRA | ||
| 999 |
_c105531 _d105531 |
||